| 000 | 00430cam a2200169ua 4500 | ||
|---|---|---|---|
| 020 |
_a81-224-0152-X _c30.00 |
||
| 041 |
_aeng _h |
||
| 082 |
_a531.112 _bDAW/VE |
||
| 100 | _aDawber, P.G . | ||
| 245 |
_aVectors and vector operators / _cP.G.Dawber. _hTextual Documents |
||
| 260 |
_aNew Delhi : _bWiley Eastern Ltd , _c1991. |
||
| 300 | _a56 ; . | ||
| 365 | _a30.00 | ||
| 504 | _a | ||
| 942 | _cBK | ||
| 999 |
_c10152 _d10152 |
||